000
00259nam a2200097Ia 4500
008
220204s9999 xx 000 0 und d
082
_a
058(540)
_b
KOT
245
0
_a
Kothar's yearbook on business and industry. 1988
260
_a
Madras
_b
Allied
_c
1988
942
_c
BK
999
_c
39646
_d
39646